| 000 | 02141cam a22004334i 4500 | ||
|---|---|---|---|
| 003 | PE-LiUPU | ||
| 005 | 20250731183422.0 | ||
| 008 | 150625s r 000 0 d | ||
| 020 | _a9682477867 | ||
| 035 | _a(Sirsi) i9789682477867 | ||
| 040 |
_aPE-LiUPU _bspa _cPE-LiUPU _erda |
||
| 049 | _aPRUA | ||
| 082 | 0 | 4 |
_a701.8 _bM28 _221 |
| 100 | 1 |
_aMateu Poch, Luis, _eautor. |
|
| 245 | 1 | 0 |
_aArquitectura y armonía / _cLuis Mateu Poch. |
| 264 | 1 |
_aMéxico : _bTrillas, _c2007. |
|
| 300 |
_a72 cm. : _bilustraciones ; _c21 centímetros |
||
| 336 |
_atext _2rdacontent |
||
| 337 |
_aunmediated _2rdamedia |
||
| 338 |
_avolume _2rdacarrier |
||
| 505 | 0 | _aLas cantidades. -Igualdad y semejanza. -La geometría. -Mínima acción. -Los números. -El ritmo. -La proporción. -La simetría, equilibrio y movimiento. -Los colores. -Los conceptos. -El espacio. -La función. -La expresión. -El lenguaje. -Los estilos. -Clásico y moderno. -El interior de nuestro yo. | |
| 526 | _aP158 | ||
| 526 | _aP146 | ||
| 526 | _aP17 | ||
| 526 | _aP12 | ||
| 526 | _aP06 | ||
| 541 | _g015-0010011; | ||
| 541 | _g015-0011556; | ||
| 650 | 1 | 4 | _aArquitectura. Composición, proporción, etc. |
| 650 | 2 | 4 | _aProporción (arte). |
| 650 | 2 | 4 | _aSimetría. |
| 942 |
_2ddc _cBOOK |
||
| 949 |
_a701.8 M28 _wDEWEY _c1 _i61596 _lCCODEBUL1 _mBUL _p9.00 _r0 _sY _tBOOK _u2015-6-25 _xINGENIERIA _PP06 _0COMPRA _o.STAFF. Colección General |
||
| 949 |
_a701.8 M28 _wDEWEY _c2 _i59336 _d2016-9-30 _e2016-9-29 _lCCODEBUL1 _mBUL _n2 _p9.00 _r0 _sY _tBOOK _u2015-6-25 _xINGENIERIA _PP06 _0COMPRA _o.STAFF. Colección General |
||
| 994 |
_aC0 _bPEPRU |
||
| 596 | _a1 | ||
| 999 |
_a701.8 M28 _wDEWEY _c48124 _i61596 _f2021-11-9 _g7 _lCCODEBUL1 _mBUL _p9.00 _r0 _sY _tBOOK _u2015-6-25 _xINGENIERIA _PP06 _0COMPRA _o.STAFF. Colección General _d48124 |
||
| 999 |
_a701.8 M28 _wDEWEY _c2 _i59336 _d2018-5-16 _e2016-9-29 _f2021-11-9 _g7 _lCCODEBUL1 _mBUL _n2 _p9.00 _q1 _r0 _sY _tBOOK _u2015-6-25 _xINGENIERIA _PP06 _0COMPRA _o.STAFF. Colección General |
||
| 980 |
_81 _gALBERTO SANCHEZ Responsable de Automatización |
||